000 00765cam a2200253 a 4500
001 000002808
005 20200929150249.0
008 730208s1968 it 001 0 ita
035 _a(DLC) 68141814
035 _a(OCoLC)555479
040 _aDO-SdBNP
_cPPT
_dDLC
050 0 0 _aPN2105
_b.A662
082 _ann
_bA516s, 1968
100 1 _aAmico, Silvio d',
_d1887-1955.
_98875
245 1 0 _aStoria del teatro drammatico /
_cSilvio d'Amico.
250 _a5a ed., riveduta ed ampliata.
260 _aMilano, (Italy) :
_bGarzanti,
_c1968.
300 _a4 v. :
_bil. ;
_c27 cm.
504 _aIncluye bibliografía .
650 0 _aTheater
_xHistory.
_98876
650 0 _aDrama
_xHistory and criticism.
_98877
910 _aCatalogación por copia / LC
049 _aBNGR
999 _c2642
_d2642